| 000 | 00452nam a2200169Ia 4500 | ||
|---|---|---|---|
| 008 | 240428s9999||||xx |||||||||||||| ||und|| | ||
| 020 | _a9988626703 | ||
| 041 | _aeng | ||
| 082 | _a305 | ||
| 100 | _aTonah, Steve | ||
| 245 | 0 | _aEthnicity, conflicts, and consensus in Ghana | |
| 260 |
_bWoeli Publishing Services _aAccra _c2007 |
||
| 300 | _axi, 260 p. | ||
| 650 | _aEthnic conflict -- Ghana - Ghana -- Ethnic relations. | ||
| 942 | _cBK | ||
| 999 |
_c209 _d209 |
||